Az örök emlékek csillogó kincse, avagy kockázatok és lehetőségek a kegyeleti gyémántok marketingjében
| Szerző: | |
|---|---|
| További közreműködők: | |
| Dokumentumtípus: | Diplomadolgozat |
| Kulcsszavak: | internetes értékesítés megvalósítás termékdesign termékmarketing termékpiacok |
| Online Access: | http://dolgozattar.uni-bge.hu/59988 |
MARC
| LEADER | 00000nta a2200000 i 4500 | ||
|---|---|---|---|
| 001 | dolg59988 | ||
| 005 | 20260409145833.0 | ||
| 008 | 260409suuuu hu om 000 hun d | ||
| 040 | |a BGE Dolgozattár Repozitórium |b hun | ||
| 041 | |a hu | ||
| 100 | 1 | |a Dányi Gyöngyi | |
| 245 | 1 | 3 | |a Az örök emlékek csillogó kincse, avagy kockázatok és lehetőségek a kegyeleti gyémántok marketingjében |c Dányi Gyöngyi |h [elektronikus dokumentum] |
| 520 | 3 | |a Szakdolgozatom megírásának célja, hogy bemutassam a kegyeleti gyémántok piaci bevezetésének kockázatait és lehetőségeit.A szakdolgozatom célja továbbá, hogy részletesen bemutassa a magyar lakosság hozzáállását ehhez az innovatív eljáráshoz, valamint összehasonlítsa azt más, hagyományos temetkezési formákkal. Az eljárás technológiai szempontból összetett, és etikai kérdéseket is felvet, így fontos megérteni, hogy a magyar emberek hogyan reagálnak a modern temetkezési alternatívákra. A kutatás során figyelembe fogom venni a társadalmi, kulturális és vallási háttér szempontjait is, amelyek befolyásolják az emberek döntéseit a temetkezési szokásokkal kapcsolatban. | |
| 695 | |a internetes értékesítés | ||
| 695 | |a megvalósítás | ||
| 695 | |a termékdesign | ||
| 695 | |a termékmarketing | ||
| 695 | |a termékpiacok | ||
| 700 | 1 | |a Babos Dr. Krisztina |e ths | |
| 856 | 4 | 0 | |u http://dolgozattar.uni-bge.hu/59988/1/Szakdolgozat%20k%C3%A9sz%20%282%29.pdf |z Dokumentum-elérés |
| 856 | 4 | 0 | |u http://dolgozattar.uni-bge.hu/59988/2/D%C3%A1nyi%20Gy%C3%B6ngyi_BA%20KM%20magyar%20b%C3%ADr%C3%A1lati%20lap_BK.pdf |z Dokumentum-elérés |
| 856 | 4 | 0 | |u http://dolgozattar.uni-bge.hu/59988/3/D%C3%A1nyi%20Gy%C3%B6ngyi%20b%C3%ADr%C3%A1lat.pdf |z Dokumentum-elérés |